Manual de orientações técnicas sobre procedimentos de rotinas na administração pública municipal / (Record no. 8)

MARC details
000 -LÍDER
Campo Fixo de Controle 01173nam a22002657a 4500
001 - NÚMERO DE CONTROLE
Campo de Controle 8
003 - IDENTIFICAÇÃO DO NÚMERO DE CONTROLE
Campo de Controle BR-CuiBMT
005 - DATA E HORA DA ÚLTIMA ATUALIZAÇÃO
Campo de Controle 20230913145711.0
008 - DADOS FIXOS
Dados Fixos 230711s2008 mtbaaaa l000 0 por d
020 ## - INTERNATIONAL STANDARD BOOK NUMBER
Nº do ISBN 9788588696600
040 ## - AGÊNCIA CATALOGADORA
Código da Agência Catalogadora BR-CuiBMT
Agência que transcreveu o registro BR-CuiBMT
080 ## - Nº DA CLASSIFICAÇÃO DECIMAL UNIVERSAL
Nº Class. CDU 352:657.6
Subd. Auxiliar Comum (817.2)
Nº edição CDU 2007
090 ## - NÚMERO DE CHAMADA
Nº classificação 352:657.6(817.2)
Cutter C966m
110 2# - ENTRADA PRINCIPAL -- ENTIDADE
Nome da entidade ou lugar Cuiabá (MT).
Unidade subordinada Prefeitura Municipal.
-- Auditoria e Controle Interno.
245 10 - TÍTULO PRINCIPAL
Título principal Manual de orientações técnicas sobre procedimentos de rotinas na administração pública municipal /
Indicação de responsabilidade Prefeitura de Cuiabá, Auditoria e Controle Interno - ACI.
246 34 - FORMAS VARIANTES DO TÍTULO
Título principal Controle interno :
Subtítulo manual de orientações técnicas sobre procedimentos de rotinas na administração pública municipal
260 ## - PUBLICAÇÃO, DISTRIBUIÇÃO, ETC.
Local de publicação Cuiabá :
Editora Central de Texto,
Data 2008.
300 ## - DESCRIÇÃO FÍSICA
N. páginas ou volumes 190 p. :
Ilustrações il. ;
Dimensões 23 cm
504 ## - NOTA DE BIBLIOGRAFIA, ETC.
Nota de bibliografia Inclui bibliografia.
650 ## - ASSUNTO TÓPICO
Cabeçalho tópico ou nome geográfico Administração pública municipal
Subdivisão geográfica Cuiabá (MT)
650 ## - ASSUNTO TÓPICO
Cabeçalho tópico ou nome geográfico Administração pública municipal
Subdivisão geral Rotinas de procedimentos
650 ## - ASSUNTO TÓPICO
Cabeçalho tópico ou nome geográfico Controle interno
Subdivisão geográfica Cuiabá (MT)
856 4# - LOCALIZAÇÃO E ACESSO ELETRÔNICO
Endereço eletrônico (URI) <a href="http://www.cuiaba.mt.gov.br/upload/arquivo/Manual_ACI.pdf">http://www.cuiaba.mt.gov.br/upload/arquivo/Manual_ACI.pdf</a>
Texto do link Disponível também online.
Localização e acesso eletrônico 12/01/2010
942 ## - ELEMENTOS DE ENTRADA ADICIONAIS (KOHA)
Fonte de classificação ou esquema de arquivamento Classificação Decimal Universal
Tipo de item do Koha Livros
Holdings
Estado: removido Estado: perdido Fonte de classificação ou esquema de arquivamento Estado: danificado Indisponível para empréstimo Localização permanente Localização atual Data de aquisição Fonte de aquisição Total Checkouts Número de Chamada completo Código de barras Date last seen Número do exemplar Preço efetivo a partir de Tipo de item (Koha)
    Classificação Decimal Universal     Biblioteca da Escola Superior de Contas do TCE/MT Biblioteca da Escola Superior de Contas do TCE/MT 12/01/2010 Doação   352:657.6(817.2) C966m BIBTCEMT23070009 12/07/2023 Ex. 1 12/01/2010 Livros
    Classificação Decimal Universal     Biblioteca da Escola Superior de Contas do TCE/MT Biblioteca da Escola Superior de Contas do TCE/MT 12/01/2010 Doação   352:657.6(817.2) C966m BIBTCEMT23070010 12/07/2023 Ex. 2 12/01/2010 Livros
    Classificação Decimal Universal     Biblioteca da Escola Superior de Contas do TCE/MT Biblioteca da Escola Superior de Contas do TCE/MT 12/01/2010 Doação   352:657.6(817.2) C966m BIBTCEMT23090018 06/09/2023 Ex. 3 12/01/2010 Livros
    Classificação Decimal Universal     Biblioteca da Escola Superior de Contas do TCE/MT Biblioteca da Escola Superior de Contas do TCE/MT 12/01/2010 Doação   352:657.6(817.2) C966m BIBTCEMT23090019 06/09/2023 Ex. 4 12/01/2010 Livros
    Classificação Decimal Universal     Biblioteca da Escola Superior de Contas do TCE/MT Biblioteca da Escola Superior de Contas do TCE/MT 12/01/2010 Doação   352:657.6(817.2) C966m BIBTCEMT23090020 06/09/2023 Ex. 5 12/01/2010 Livros

Powered by Koha